Motivación y personalidad
Wedi'i Gadw mewn:
| Prif Awdur: | |
|---|---|
| Fformat: | Llyfr |
| Iaith: | Sbaeneg |
| Cyhoeddwyd: |
Madrid
Díaz de Santos
1991
|
| Pynciau: | |
| Tagiau: |
Ychwanegu Tag
Dim Tagiau, Byddwch y cyntaf i dagio'r cofnod hwn!
|
MARC
| LEADER | 00000nam a2200000 a 4500 | ||
|---|---|---|---|
| 001 | UCX7672 | ||
| 003 | CL-VaPUC | ||
| 008 | 931227e19910000SP |||||||||||||||||spa|d | ||
| 082 | 0 | 4 | |a 152.5 |b MAS |2 21 |
| 100 | |a Maslow, Abraham Harold |e autor |9 335925 | ||
| 245 | 1 | 0 | |a Motivación y personalidad |
| 300 | |a 436 p | ||
| 942 | |c BK | ||
| 945 | |d 19931227 00:00:00 |a rbrito | ||
| 260 | |a Madrid |b Díaz de Santos |c 1991 | ||
| 650 | 0 | |a Motivación |9 315362 | |
| 650 | 0 | |a Psicología |9 257863 | |
| 583 | |a last modification |c 19931227 00:00:00 |k Rodrigo Vera | ||
| 999 | |c 227437 |d 227435 | ||
| 952 | |0 0 |1 0 |4 0 |6 152_500000000000000_MAS_1991 |7 0 |8 A |9 226466 |a BIBGIM |b BIBGIM |d 2019-11-15 |i 2956136 |o 152.5 MAS 1991 |p 2956136 |r 2025-01-15 |w 2019-11-15 |y BK |k COM | ||
| 952 | |0 0 |1 0 |4 0 |6 152_500000000000000_MAS_1991 |7 0 |8 A |9 226467 |a BIBENE |b BIBENE |d 2019-11-15 |i 3407977 |o 152.5 MAS 1991 |p 3407977 |r 2025-01-15 |w 2019-11-15 |y BK |k ICO | ||